Marginalidad y lucha de clases /
Guardado en:
| Autor principal: | |
|---|---|
| Formato: | Texto |
| Lenguaje: | Spanish |
| Publicado: |
Santiago, Chile :
|
| Materias: | |
| Etiquetas: |
Agregar Etiqueta
Sin Etiquetas, Sea el primero en etiquetar este registro!
|
MARC
| LEADER | 00000 a a2200000 04500 | ||
|---|---|---|---|
| 001 | 17223 | ||
| 003 | cru CIDCACS/IIS | ||
| 005 | 20170901142043.0 | ||
| 008 | 170901b xxu||||| |||| 00| 0 spa d | ||
| 999 | |c 1651 |d 1651 | ||
| 020 | |a [sin ISBN] | ||
| 022 | |a [sin ISBN] | ||
| 040 | |c CIDCACS/IIS | ||
| 090 | |a 05.03.03 H468m | ||
| 100 | |a Hinkelammert, Franz J. | ||
| 245 | |a Marginalidad y lucha de clases / |c Franz Heinkelamert | ||
| 260 | |a Santiago, Chile : | ||
| 300 | |a Páginas 57-6 | ||
| 500 | |a Fotocopia de artículo publicado en la Revista Universidad y Desarrollo | ||
| 650 | |a LUCHA DE CLASES | ||
| 650 | |a TRABAJO | ||
| 650 | |a MARGINALIDAD | ||
| 942 | |2 ddc |c LI | ||
